000 00784nam a2200253Ia 4500
003 OSt
005 20220927115124.0
006 a|||||r|||| 00| 0
007 ta
008 220926b |||||||| |||| 00| 0 eng d
024 _a67868
037 _cThesis and Dissertations
040 _aRTL
_cRTL
_beng
041 _2eng
_aeng
082 _a"X651.2.N8, M3"
100 _aGupta Kusum
_9391327
245 0 _aWorking of stock exchanges in India
260 _aDelhi
_bUniversity of Delhi India
_c1983
300 _a139p. Bibliography p 134-39
_ccm.
500 _a"University of Delhi, Commerce (Deptt of---), Dissertation"
650 _aStock Exchange
942 _h"X651.2.N8, M3"
_cCC
999 _c706350
_d706350